00689cam a2200229 i 450000100060000000300080000600500170001400800390003102000150007003500190008504000320010404100080013608200290014410000200017324500690019326000510026230000330031350400300034665000310037665000290040765000230043614438BD-RjUL20211208235628.0140206s1980 nyua b 000 0 eng a0155839241 a(BD-RjUL)14490 aDLCcDLCdDLCdBD-RjULbeng aeng00a808.066651219bHAS 19801 aHarty, Kevin J.10aStrategies for business and technical writing /cKevin J. Harty. aNew York :bHarcourt Brace Jovanovich,cc1980. axv, 285 p. :bill. ;c24 cm. aBibliography: p. 270-285. 0aCommercial correspondence. 0aBusiness report writing. 0aTechnical writing.